| 000 | 01959cam a2200325 4500 | ||
|---|---|---|---|
| 008 | 090401t1995 xxu||||| |||| 00| 0 eng d | ||
| 020 | _a0854067221 | ||
| 035 | _a(Sirsi) u63278 | ||
| 041 | _aeng | ||
| 050 | _a690.072 | ||
| 090 | _aRICS 1995/97ABCD | ||
| 110 |
_aRoyal Institution of Chartered Surveyors _94900 |
||
| 245 | 2 | _aA focus for building surveying research, held at the University of Salford on 7 December 1994. | |
| 260 |
_aLondon _bRICS _c1995 |
||
| 300 | _a152p. : ill. ; 30cm. | ||
| 350 | _a9.95 | ||
| 520 | _aContents: The measurement and prediction of moisture effects within buildings. - GALBRAITH, G. / Diagnosis of rising damp and specification of remedial damp-roofing treatments. - HOWELL, J. / ISIS: the application of evolving information technologies to building surveys. - WORDSWORTH, P. / Post occupancy evaluation: a pragmatic framework for building surveyors. - RILEY, M. / After the Big Bang. - PAXTON, D. / The prediction of building component lifespans: a case study of university/industry collaboration. - MOSS, G. / Facilities management case studies in UK, Europe and North America. - LAWRENCE, D. / Facilities management. - BENNETT, S. / Green buildings: conceptual understanding and practice in the built environment. - COOK, S. / Prioritising major items of maintenance in large organisations. - SPEDDING, A. / Affluence and the ecological footprint of dwelling. -GOLTON, B. / City villages - defining the parameters. - DICKINSON, E. / Personal profiling as a technique for continuing | ||
| 650 | _aBOMB DAMAGE | ||
| 650 | _aBUILT ENVIRONMENT-BUILDING INSPECTION | ||
| 650 | _aCONDENSATION | ||
| 650 | _aCONTINUING PROFESSIONAL DEVELOPMENT | ||
| 650 | _aCPD | ||
| 650 |
_aFACILITIES MANAGEMENT _96240 |
||
| 650 | _aPLANNED MAINTENANCE | ||
| 650 | _aPOST OCCUPANCY EVALUATION | ||
| 650 | _aURBAN VILLAGES | ||
| 690 | _aBUILT ENVIRONMENT-BUILDING INSPECTION | ||
| 942 | _n0 | ||
| 948 | _c04/03/1997 | ||
| 999 |
_c94519 _d94519 |
||